| 000 | 01800cam a22004094i 4500 | ||
|---|---|---|---|
| 003 | PE-LiUPU | ||
| 005 | 20250731172856.0 | ||
| 008 | 161005s r 000 0 spa d | ||
| 035 | _a(Sirsi) a163987 | ||
| 040 |
_dPE-LiUPU _erda |
||
| 049 | _aPRUA | ||
| 082 | 0 | 4 |
_a252 _bJ22 |
| 100 | 1 |
_aJapas, Salim, _eautor. |
|
| 245 |
_aLlama divina : _bRespuesta al problema de la evangelización contemporánea / _cPor salim Japas. |
||
| 264 |
_aEE.UU : _bEDITOLASER, _c1989. |
||
| 300 |
_a122 páginas ; _c21 centímetros. |
||
| 336 |
_text _2rdacontent |
||
| 337 |
_unmediated _2rdamedia |
||
| 338 |
_volume _2rdacarrier |
||
| 505 | 0 | _aLlama divina -- Teología e impacto -- Visión y servicio -- Urbangelización -- Metodología bíblica para hacer discípulos -- Estrategia adecuada -- Cultura y penetración -- Espiritualidad y posición -- Predicación y testimonio -- Decisiones que perduran -- Migración en masa a las estrellas -- La conquista del amor -- Salvemos a nuestros hijos -- Herencia eterna -- Sexo según la biblia -- La bendita virgen y el dolor -- Vida despues de la vida -- El milagro de la naranja -- Letras en la arena -- El retorno del pródigo -- Bautismo del pródigo -- Las puertas del infierno -- Las llaves del reino -- Tiempo y enternidad. | |
| 526 | _aSEG42 | ||
| 526 | _aSEG41 | ||
| 526 | _aSEG40 | ||
| 526 | _aSEG39 | ||
| 526 | _aP94 | ||
| 526 | _aP87 | ||
| 526 | _aP86 | ||
| 526 | _aP85 | ||
| 526 | _aP77 | ||
| 526 | _aP76 | ||
| 526 | _aP35 | ||
| 264 | 1 | _a**REQUIRED FIELD** | |
| 596 | _a1 | ||
| 942 |
_2ddc _cBOOK |
||
| 999 |
_a252 J22 _wDEWEY _c12843 _i74866 _d12843 _f2021-11-30 _g5 _lCCODEBUL1 _mBUL _q1 _r0 _sY _tBOOK _u2016-10-5 _xTEOLOGIA _PP35 _0COMPRA _o.STAFF. Colección TEOLOGIA |
||
| 980 |
_81 _gALBERTO SANCHEZ Responsable de Automatización |
||